10 Biggest Cities in Mozambique - Statistics

General Stats
  • This quiz has been taken 97 times
  • The average score is 5 of 10
Answer Stats
Population City % Correct
1 190 000 Maputo
100%
530 000 Beira
68%
385 000 Nampula
64%
675 000 Matola
63%
125 000 Xai-Xai
46%
130 000 Tete
41%
190 000 Quelimane
36%
255 000 Chimoio
32%
225 000 Nacala
29%
120 000 Maxixe
5%
No matching quizzes found
Score Distribution
Percent of People with Each Score
Percentile by Number Answered
Your Score History
You have not taken this quiz